| 000 | 02185nam a2200193Ia 4500 | ||
|---|---|---|---|
| 003 | OSt | ||
| 005 | 20251114103412.0 | ||
| 008 | 210210b2018 xxu||||| |||| 00| 0 eng d | ||
| 040 | _cAL | ||
| 041 | _aKannada | ||
| 082 | _aK494 SHEP | ||
| 100 |
_aSHETTAR (Sha) _9215476 _dಷ. ಶೆಟ್ಟರ್ |
||
| 245 |
_aPrakrata jagadvalaya: prakrata kannada samskrata bhashegala anusandhana _bಪ್ರಾಕೃತ ಜಗದ್ವಲಯ : ಪ್ರಾಕೃತ ಕನ್ನಡ ಮತ್ತು ಸಂಸ್ಕೃತ ಭಾಷೆಗಳ ಅನುಸಂಧಾನ |
||
| 260 |
_aBengaluru _bAbhinav Prakashan _c2018 |
||
| 300 | _axxvii,213 | ||
| 520 | _aಪ್ರಾಕೃತ ಜಗದ್ವಲಯ ಕೃತಿಯಲ್ಲಿ ಶೆಟ್ಟರ್ ಅವರು ಪ್ರಾಕೃತವು ಹೇಗೆ ವ್ಯಾಪಕವಾಗಿತ್ತು ಎಂಬ ವಿಷಯವನ್ನು ಚರ್ಚಿಸುತ್ತಾರೆ. ಹಾಗೆಯೇ ಈ ಕೃತಿಯು ದಕ್ಷಿಣ ಭಾರತದ ಭಾಷಾಸ್ವರೂಪವನ್ನು ವಿವರಿಸುತ್ತದೆ. ಪ್ರಾಕೃತ ಭಾಷಾವಲಯಕ್ಕೆ ಅಶೋಕನ ಕೊಡುಗೆ ಅಪಾರವಾದುದು. ಅಶೋಕ, ಬೌದ್ಧ ಧರ್ಮವನ್ನು ಸ್ವೀಕರಿಸಿ ಅದನ್ನು ತನ್ನ ಪ್ರಜಾಜನರಲ್ಲಿ ಪ್ರಚಾರ ಮಾಡುವಾಗ ಅವನು ಸ್ಥಾಪಿಸಿದ ಸ್ತೂಪಗಳು ಬರೆಸಿದ ಗದ್ದಲಯ ಶಿಲಾಶಾಸನಗಳು ಎಲ್ಲವೂ ಪ್ರಾಕೃತಭಾಷೆಯಲ್ಲೇ ಇವೆ.ಪ್ರಾಕೃತಭಾಷೆಯ ಪದಗಳನ್ನು ನಾವು ಕನ್ನಡದಲ್ಲಿಯೂ ಕಾಣುತ್ತೇವೆ. ಈ ಪ್ರಾಕೃತ ಶಬ್ದಗಳು ಕನ್ನಡದಲ್ಲಿ ಹೇಗೆ ಬಳಕೆಗೆ ಬಂದವು ಎಂದು ವಿವರಿಸಲಾಗಿದೆ. ಸಮಾಜ, ಧರ್ಮ,ಈ ಕೃತಿಯು ರಾಜಕೀಯ ಹಾಗೂ ಭಾಷೆ ಇವುಗಳಿಗಿರುವ ಸಂಬಂಧವನ್ನೂ ವಿಶ್ಲೇಷಿಸುತ್ತದೆ. | ||
| 906 | _a073080 | ||
| 942 |
_2ddc _cBK |
||
| 999 |
_c122850 _d122850 |
||